Catálogo
 En Linea

El montero : (Registro nro. 35590)

Detalles MARC
000 -CABECERA
campo de control de longitud fija 01211nam a2200313 i 4500
001 - NÚMERO DE CONTROL
campo de control 000036099
003 - IDENTIFICADOR DEL NÚMERO DE CONTROL
campo de control DO-SdBNP
005 - FECHA Y HORA DE LA ÚLTIMA TRANSACCIÓN
campo de control 20250130100054.0
007 - CAMPO FIJO DE DESCRIPCIÓN FÍSICA--INFORMACIÓN GENERAL
campo de control de longitud fija ta
008 - DATOS DE LONGITUD FIJA--INFORMACIÓN GENERAL
campo de control de longitud fija 111209s1989 dr 000 0 spa d
040 ## - FUENTE DE LA CATALOGACIÓN
Centro catalogador/agencia de origen DO-SdBNP
Lengua de catalogación spa
Centro/agencia transcriptor BNPHU
Normas de descripción rda
082 ## - NÚMERO DE LA CLASIFICACIÓN DECIMAL DEWEY
Número de clasificación RD863.3
Número de documento/Ítem B719m, 1989
Número de edición 22
100 1# - ENTRADA PRINCIPAL--NOMBRE DE PERSONA
Nombre de persona Bonó, Pedro Francisco
Fechas asociadas al nombre 1828-1906
9 (RLIN) 1351
Término indicativo de función/relación autor
Código de función/relación aut.
245 13 - MENCIÓN DE TÍTULO
Título El montero :
Resto del título novela de costumbre /
Mención de responsabilidad, etc. Pedro Francisco Bonó ; prefacio de E. Rodríguez Demorizi.
264 #1 - PRODUCCIÓN, PUBLICACIÓN, DISTRIBUCIÓN, FABRICACIÓN Y COPYRIGHT
Producción, publicación, distribución, fabricación y copyright San Francisco Macorís, República Dominicana :
Nombre del de productor, editor, distribuidor, fabricante Comisión Organizadora Permanente de la Feria Nacional del Libro,
Fecha de producción, publicación, distribución, fabricación o copyright 1989.
300 ## - DESCRIPCIÓN FÍSICA
Extensión 114 páginas
Dimensiones 22 cm.
336 ## - TIPO DE CONTENIDO
Término de tipo de contenido texto
Código de tipo de contenido txt
Fuente rdacontent
337 ## - TIPO DE MEDIO
Nombre/término del tipo de medio sin mediación
Código del tipo de medio n
Fuente rdamedia
338 ## - TIPO DE SOPORTE
Nombre/término del tipo de soporte volumen
Código del tipo de soporte nc
Fuente rdacarrier
490 1# - MENCIÓN DE SERIE
Mención de serie Feria del Libro
500 ## - NOTA GENERAL
Nota general Incluye referencias bibliográficas y notas al pie de las páginas.
500 ## - NOTA GENERAL
Nota general Primera feria regional Pedro Francisco Bonó.
590 ## - NOTA LOCAL (RLIN)
Nota local Inventariado, 2019/VM
650 #0 - PUNTO DE ACCESO ADICIONAL DE MATERIA--TÉRMINO DE MATERIA
Término de materia o nombre geográfico como elemento de entrada Novela dominicana
9 (RLIN) 223
650 #0 - PUNTO DE ACCESO ADICIONAL DE MATERIA--TÉRMINO DE MATERIA
Término de materia o nombre geográfico como elemento de entrada Literatura dominicana.
9 (RLIN) 67
700 1# - PUNTO DE ACCESO ADICIONAL--NOMBRE DE PERSONA
Nombre de persona Rodríguez Demorizi, Emilio,
Fechas asociadas al nombre 1908-1986
9 (RLIN) 1039
Término indicativo de función/relación prefacio
Código de función/relación pref.
910 ## - DATOS DE OPCIÓN DEL USUARIO (OCLC)
Datos de opción del usuario Validado. Control de calidad MFF
942 ## - ELEMENTOS DE PUNTO DE ACCESO ADICIONAL (KOHA)
Fuente del sistema de clasificación o colocación Dewey Decimal Classification
Tipo de ítem Koha Libro
Existencias
Estado de retiro Estado de pérdida Fuente del sistema de clasificación o colocación Restricciones de uso No para préstamo Código de colección Localización permanente Ubicación/localización actual Ubicación en estantería Fecha de adquisición Número de inventario Total de préstamos Signatura topográfica completa Código de barras Fecha visto por última vez Precio válido a partir de Tipo de ítem Koha Fuente de adquisición Número de copia Nota pública
    Dewey Decimal Classification Excluido de préstamo   Patrimonio Dominicano Biblioteca Nacional Pedro Henríquez Ureña Biblioteca Nacional Pedro Henríquez Ureña Depósito 09.12.2011 LF1   BNPHU PD RD863.3 B719m, 1989 36099-10 25.06.2020 25.06.2020 Libro      
    Dewey Decimal Classification Excluido de préstamo   Patrimonio Dominicano Biblioteca Nacional Pedro Henríquez Ureña Biblioteca Nacional Pedro Henríquez Ureña Depósito 01.12.2023 LF1   BNPHU PD RD863.3 B719m, 1989 2025-0622 30.01.2025 30.01.2025 Libro Donado por la Presidencia de la República Dominicana 2023 e. 2 Perteneció a la biblioteca personal de René Rodríguez Soriano

Con tecnología Koha